| 000 | 00723nam a2200217 u 4500 | ||
|---|---|---|---|
| 005 | 20251104063907.0 | ||
| 008 | 140312s2010 r 000 0 eng d | ||
| 020 | _a9786077700449 | ||
| 035 | _aUPN01000196309 | ||
| 049 | _aCG | ||
| 050 | 4 |
_aRC454 _bI5.7 |
|
| 245 | 0 | 0 |
_aInstitución, familia y enfermedad mental : _breflexiones socioantropológicas desde un hospital psiquiátrico / _ccoord. Víctor A. Payá. |
| 260 |
_aMéxico : _bJuan Pablos : _bUNAM, _cc2010. |
||
| 300 | _a272 p. | ||
| 650 | 2 |
_aEnfermedades mentales _912828 |
|
| 650 | 4 |
_aPSIQUIATRIA - _xCASOS, INFORMES CLINICOS, ESTADISTICA _98372 |
|
| 650 | 2 |
_aEtnología _94794 |
|
| 700 | 1 |
_aPayá A., Victor, _ecoord. |
|
| 905 | _aLibro | ||
| 999 |
_c168410 _d168410 |
||